[Event "EU-chT Seniors 65"]
[Site "Terme Catez"]
[Date "2024.05.14"]
[Round "8.3"]
[White "Brigljevic, Milan"]
[Black "Vucenovic, Dragomir"]
[Result "1/2-1/2"]
[WhiteElo "2142"]
[BlackElo "2110"]
[PlyCount "84"]
[EventDate "2024.05.07"]
[EventType "team-swiss"]
[EventRounds "9"]
[EventCountry "SLO"]
[SourceTitle "CB20_2024"]
[SourceDate "2024.05.16"]
[SourceVersion "1"]
[SourceVersionDate "2024.05.16"]
[SourceQuality "1"]
[WhiteTeam "Croatia Sesvete 65"]
[BlackTeam "Switzerland 65"]
[WhiteTeamCountry "CRO"]
[BlackTeamCountry "SUI"]

1. d4 d5 2. Nf3 c6 3. g3 Nf6 4. Bg2 g6 5. 0-0 Bg7 6. b3 0-0 7. Bb2 Re8 8. c4 Bf5 9. Nc3 Ne4 10. Nh4 Nxc3 11. Bxc3 Be6 12. Qd3 Nd7 13. f4 f5 14. Nf3 Nf6 15. Ne5 Ne4 16. c5 Bxe5 17. fxe5 Qd7 18. Bd2 Nxd2 19. Qxd2 Kg7 20. Rf4 g5 21. Rf2 h6 22. Raf1 Rf8 23. h4 g4 24. Qc2 Rf7 25. Rf4 Raf8 26. e3 Qc8 27. R1f2 Qd8 28. h5 Kh8 29. Bf1 Bd7 30. Bd3 e6 31. b4 a6 32. a4 Qg5 33. Rh2 Kg7 34. Qd2 Kh8 35. Be2 Be8 36. Rh4 Rg8 37. Qe1 Rfg7 38. Qf2 Qe7 39. Qf1 Qd8 40. Rf2 Qg5 41. Qc1 Rh7 42. Rfh2 Qd8 1/2-1/2

[Event "EU-chT Seniors 65"]
[Site "Dresden"]
[Date "2022.11.04"]
[Round "9.2"]
[White "Roos, Louis"]
[Black "Vucenovic, Dragomir"]
[Result "0-1"]
[WhiteElo "2293"]
[BlackElo "2156"]
[PlyCount "88"]
[EventDate "2022.10.27"]
[EventType "team-swiss"]
[EventRounds "9"]
[EventCountry "GER"]
[SourceTitle "EXT 2024"]
[Source "ChessBase"]
[SourceDate "2023.10.10"]
[SourceVersion "1"]
[SourceVersionDate "2023.10.10"]
[SourceQuality "1"]
[WhiteTeam "Strasbourg 65"]
[BlackTeam "Schweiz 65"]
[WhiteTeamCountry "FRA"]
[BlackTeamCountry "SUI"]

1. Nf3 d5 2. c4 c6 3. e3 Nf6 4. b3 g6 5. Bb2 Bg7 6. Be2 0-0 7. 0-0 Re8 8. d4 e6 9. Nc3 b6 10. Qc2 Bb7 11. Rfd1 Qc8 12. Rac1 Nbd7 13. h3 Qb8 14. Qb1 h6 15. a3 Nh7 16. e4 dxc4 17. Bxc4 b5 18. Bd3 e5 19. Ne2 a6 20. b4 Ng5 21. Nxe5 Nxe5 22. dxe5 Ne6 23. f4 Qa7+ 24. Kh1 Nf8 25. Bd4 Qb8 26. Bc5 a5 27. Bc2 Bc8 28. Nd4 Ne6 29. Nxe6 Bxe6 30. Bb3 Bxb3 31. Qxb3 axb4 32. axb4 Qc8 33. Rd6 Re6 34. Rcd1 Rxd6 35. Rxd6 g5 36. e6 fxe6 37. Rxe6 Kh8 38. f5 Ra1+ 39. Kh2 Qb8+ 40. Bd6 Qg8 41. f6 Bxf6 42. e5 Bg7 43. Kg3 Rf1 44. Kh2 Qf7 0-1

[Event "EUR-chT Seniors 65"]
[Site "Prague"]
[Date "2021.09.05"]
[Round "7.3"]
[White "Vucenovic, Dragomir"]
[Black "Segal, Yosef"]
[Result "1-0"]
[WhiteElo "2161"]
[BlackElo "1814"]
[PlyCount "109"]
[EventDate "2021.08.30"]
[EventType "team-swiss"]
[EventRounds "9"]
[EventCountry "CZE"]
[SourceTitle "CBM 204 Extra"]
[Source "ChessBase"]
[SourceDate "2021.11.30"]
[SourceVersion "1"]
[SourceVersionDate "2021.11.30"]
[SourceQuality "1"]
[WhiteTeam "Switzerland 65"]
[BlackTeam "Israel 65 II"]
[WhiteTeamCountry "SUI"]
[BlackTeamCountry "ISR"]

1. Nf3 Nf6 2. g3 e6 3. Bg2 d5 4. 0-0 Bd6 5. d4 h6 6. b3 0-0 7. Nbd2 c6 8. Bb2 Nbd7 9. c4 Re8 10. Ne5 Nh7 11. Qc2 Ndf8 12. e4 dxe4 13. Nxe4 Be7 14. Rad1 f6 15. Nf3 Qc7 16. c5 Rd8 17. Rfe1 Bd7 18. Qe2 Be8 19. Nfd2 f5 20. Nc3 Rd7 21. Nc4 Nf6 22. Ne5 Rdd8 23. b4 a6 24. Nc4 Bf7 25. Nb6 Rab8 26. Bc1 g5 27. f4 g4 28. d5 cxd5 29. Ncxd5 Bxc5+ 30. bxc5 exd5 31. Qe5 Qxc5+ 32. Be3 Qd6 33. Bd4 Kg7 34. Bxd5 Qxe5 35. Bxe5 N8h7 36. Bxb8 Rxb8 37. Re7 Nxd5 38. Rxd5 Kf6 39. Rde5 Nf8 40. Rd7 Be6 41. Nd5+ Kg6 42. Rd6 Kf7 43. Nc7 Bd7 44. Nd5 Be6 45. Ne3 Re8 46. Nxf5 h5 47. Rb6 Rd8 48. Nd6+ Kg8 49. Nxb7 Rb8 50. Re2 Bc4 51. Re7 Bd5 52. a4 a5 53. Rb5 Ng6 54. Rc7 Be4 55. Nd6 1-0

[Event "EUR-chT Seniors 65"]
[Site "Prague"]
[Date "2021.09.03"]
[Round "5.3"]
[White "Vucenovic, Dragomir"]
[Black "Meister, Jakob"]
[Result "0-1"]
[WhiteElo "2161"]
[BlackElo "2416"]
[PlyCount "86"]
[EventDate "2021.08.30"]
[EventType "team-swiss"]
[EventRounds "9"]
[EventCountry "CZE"]
[SourceTitle "CBM 204 Extra"]
[Source "ChessBase"]
[SourceDate "2021.11.30"]
[SourceVersion "1"]
[SourceVersionDate "2021.11.30"]
[SourceQuality "1"]
[WhiteTeam "Switzerland 65"]
[BlackTeam "Lasker Schachstiftung 65"]
[WhiteTeamCountry "SUI"]
[BlackTeamCountry "GER"]

1. d4 d5 2. Nf3 Nf6 3. g3 g6 4. Bg2 Bg7 5. 0-0 0-0 6. Bf4 c6 7. c3 Nh5 8. Bxb8 Rxb8 9. Nbd2 Nf6 10. Ne5 Qc7 11. b4 Ne8 12. Nd3 Nd6 13. Re1 a5 14. a3 Ra8 15. Nb3 axb4 16. axb4 Bf5 17. Qd2 Rfe8 18. Rxa8 Rxa8 19. Ra1 Rxa1+ 20. Nxa1 Qb8 21. Nc2 Qa7 22. Ne3 Bc8 23. Qb2 h5 24. h4 Bh6 25. f4 Bg7 26. Kh2 Nb5 27. Nc5 Nd6 28. Nd3 Kh7 29. Ne5 Kg8 30. Nd3 Kf8 31. Nc5 Ke8 32. Nd3 Nb5 33. Nc5 Kd8 34. Bh3 Bxh3 35. Kxh3 e6 36. g4 hxg4+ 37. Nxg4 Nd6 38. Nf2 b6 39. Nb3 Nf5 40. e4 dxe4 41. Nxe4 Qa6 42. Qa1 Qd3+ 43. Kh2 Qxe4 0-1

[Event "EUR-chT Seniors 65"]
[Site "Prague"]
[Date "2021.09.01"]
[Round "3.3"]
[White "Vucenovic, Dragomir"]
[Black "Volosin, Vladimir"]
[Result "1-0"]
[WhiteElo "2161"]
[BlackElo "2235"]
[PlyCount "121"]
[EventDate "2021.08.30"]
[EventType "team-swiss"]
[EventRounds "9"]
[EventCountry "CZE"]
[SourceTitle "CBM 204 Extra"]
[Source "ChessBase"]
[SourceDate "2021.11.30"]
[SourceVersion "1"]
[SourceVersionDate "2021.11.30"]
[SourceQuality "1"]
[WhiteTeam "Switzerland 65"]
[BlackTeam "Hungary 65"]
[WhiteTeamCountry "SUI"]
[BlackTeamCountry "HUN"]

1. d4 c6 2. Nf3 d5 3. g3 Nf6 4. Bg2 Bf5 5. 0-0 e6 6. c4 Bd6 7. b3 Nbd7 8. Bb2 0-0 9. Nbd2 Qe7 10. a3 h6 11. Re1 Bh7 12. Ne5 Bxe5 13. dxe5 Ng4 14. Nf3 Be4 15. h3 f5 16. hxg4 fxg4 17. Nd2 Bxg2 18. Kxg2 Qg5 19. f4 gxf3+ 20. Nxf3 Qe3 21. Bd4 Qe4 22. Qd3 Qg4 23. Rh1 Rf5 24. cxd5 cxd5 25. Raf1 Raf8 26. Nh2 Qg6 27. Rxf5 exf5 28. Rf1 Qe6 29. Rd1 f4 30. gxf4 Rxf4 31. Bxa7 Kh8 32. Qxd5 Qg6+ 33. Kh1 Nf8 34. Rg1 Qf5 35. Qg2 Ne6 36. Rf1 Qxe5 37. e3 Rh4 38. Bd4 Nxd4 39. exd4 Rxd4 40. Rf8+ Kh7 41. Qc2+ Qe4+ 42. Qxe4+ Rxe4 43. Rf7 b5 44. Rb7 Re1+ 45. Kg2 Re2+ 46. Kg1 Re5 47. Kf2 h5 48. Nf3 Rf5 49. Ke3 Kh6 50. Ke4 g6 51. b4 Rf6 52. Rxb5 Re6+ 53. Kf4 Ra6 54. Ra5 Rc6 55. Ne5 Rf6+ 56. Ke4 g5 57. b5 Rf4+ 58. Ke3 h4 59. b6 Rf1 60. Rb5 h3 61. b7 1-0

[Event "EUR-chT Seniors 65"]
[Site "Prague"]
[Date "2021.08.30"]
[Round "1.3"]
[White "Vucenovic, Dragomir"]
[Black "Tejkal, Jiri"]
[Result "1-0"]
[WhiteElo "2161"]
[BlackElo "1869"]
[PlyCount "107"]
[EventDate "2021.08.30"]
[EventType "team-swiss"]
[EventRounds "9"]
[EventCountry "CZE"]
[SourceTitle "CBM 204 Extra"]
[Source "ChessBase"]
[SourceDate "2021.11.30"]
[SourceVersion "1"]
[SourceVersionDate "2021.11.30"]
[SourceQuality "1"]
[WhiteTeam "Switzerland 65"]
[BlackTeam "Roztoky Caissa 65"]
[WhiteTeamCountry "SUI"]
[BlackTeamCountry "CZE"]

1. d4 Nf6 2. Nf3 g6 3. g3 Bg7 4. Bg2 0-0 5. 0-0 d6 6. c4 Nc6 7. Nc3 a6 8. Re1 Rb8 9. Rb1 e5 10. dxe5 dxe5 11. Nd5 Nxd5 12. cxd5 Nd4 13. Nxd4 exd4 14. e4 dxe3 15. fxe3 Bd7 16. b3 Re8 17. Bb2 Bxb2 18. Rxb2 Qf6 19. Rf2 Qe5 20. Qf3 f5 21. Rd2 Rbd8 22. Qf4 Qxf4 23. gxf4 Bc8 24. Rc2 Re7 25. Kf2 Kf7 26. Rec1 Rdd7 27. Bf3 b6 28. d6 Rxd6 29. Rxc7 Be6 30. Be2 a5 31. Rxe7+ Kxe7 32. Rc7+ Rd7 33. Rc2 Kd8 34. Bb5 Rd6 35. Bc6 Bd7 36. Bf3 Be6 37. h4 h5 38. e4 fxe4 39. Bxe4 Bf7 40. Ke3 Kd7 41. Rg2 Rf6 42. Rg5 Kd6 43. Rb5 Kc7 44. Rg5 Kd6 45. f5 gxf5 46. Bxf5 Ke7 47. Be4 Rh6 48. Bd5 Be8 49. Kd4 Rf6 50. Ke5 Rh6 51. Rg7+ Kd8 52. Be6 Rh8 53. Kd6 b5 54. Rb7 1-0

[Event "EUR-chT Seniors 65"]
[Site "Mali Losinj"]
[Date "2019.09.23"]
[Round "6.2"]
[White "Vucenovic, Dragomir"]
[Black "Wahlbom, Magnus"]
[Result "1/2-1/2"]
[WhiteElo "2154"]
[BlackElo "2255"]
[PlyCount "67"]
[EventDate "2019.09.18"]
[EventType "team-swiss"]
[EventRounds "9"]
[EventCountry "CRO"]
[SourceTitle "EXT 2020"]
[Source "ChessBase"]
[SourceDate "2019.10.17"]
[SourceVersion "1"]
[SourceVersionDate "2019.10.17"]
[SourceQuality "1"]
[WhiteTeam "Switzerland 65"]
[BlackTeam "Sweden 65"]
[WhiteTeamCountry "SUI"]
[BlackTeamCountry "SWE"]

1. d4 Nf6 2. Nf3 b6 3. g3 Bb7 4. Bg2 e6 5. 0-0 c5 6. c4 cxd4 7. Qxd4 d6 8. Nc3 a6 9. b3 Nbd7 10. Bb2 Be7 11. Rfe1 0-0 12. Rad1 Qc7 13. e4 Rad8 14. h3 Rfe8 15. Qe3 Bf8 16. Na4 Nxe4 17. Nh2 Nec5 18. Nxc5 Nxc5 19. Bxb7 Qxb7 20. Ng4 e5 21. Rd5 b5 22. Qe2 bxc4 23. Qxc4 Rc8 24. Ne3 Nd7 25. Qe2 Nb6 26. Ra5 Ra8 27. Rd1 Rec8 28. Ba3 Rc6 29. Qg4 Re8 30. h4 h6 31. Qe2 Ra8 32. Qg4 Re8 33. Qe2 Ra8 34. Qg4 1/2-1/2

[Event "EUR-chT Seniors 65"]
[Site "Mali Losinj"]
[Date "2019.09.22"]
[Round "5.2"]
[White "Vucenovic, Dragomir"]
[Black "Kierzek, Matthias"]
[Result "0-1"]
[WhiteElo "2154"]
[BlackElo "2186"]
[PlyCount "96"]
[EventDate "2019.09.18"]
[EventType "team-swiss"]
[EventRounds "9"]
[EventCountry "CRO"]
[SourceTitle "EXT 2020"]
[Source "ChessBase"]
[SourceDate "2019.10.17"]
[SourceVersion "1"]
[SourceVersionDate "2019.10.17"]
[SourceQuality "1"]
[WhiteTeam "Switzerland 65"]
[BlackTeam "Germany 65"]
[WhiteTeamCountry "SUI"]
[BlackTeamCountry "GER"]

1. Nf3 d5 2. b3 Bg4 3. g3 Nd7 4. Bg2 e5 5. d3 Ngf6 6. 0-0 Bd6 7. Bb2 0-0 8. Nc3 c6 9. e4 Re8 10. Qe1 d4 11. Ne2 b5 12. a3 c5 13. h3 Bxf3 14. Bxf3 c4 15. Bg2 Nc5 16. b4 cxd3 17. bxc5 dxe2 18. Qxe2 Bxc5 19. Qxb5 Nd7 20. Rfb1 Rc8 21. h4 Bb6 22. Bh3 Re7 23. a4 Rc5 24. Qe2 Qc7 25. Rc1 Re8 26. Ba3 Rc3 27. Kg2 Nf6 28. Bb2 Rc5 29. Ba3 Rc6 30. Kh1 Bc5 31. c4 Bxa3 32. Rxa3 Rb6 33. a5 Rb4 34. c5 Qc6 35. Bg2 Reb8 36. Ra2 R8b5 37. g4 h6 38. g5 hxg5 39. hxg5 Nd7 40. Qg4 Rxc5 41. Rxc5 Nxc5 42. g6 fxg6 43. Rc2 d3 44. Rc3 Rb1+ 45. Kh2 d2 46. Bf3 Rc1 47. Re3 Qf6 48. Qc8+ Qf8 0-1

[Event "SUI-ch Seniors"]
[Site "Leukerbad"]
[Date "2019.07.18"]
[Round "6"]
[White "Vucenovic, Dragomir"]
[Black "Moret, Jean Paul"]
[Result "0-1"]
[WhiteElo "2183"]
[BlackElo "2012"]
[PlyCount "84"]
[EventDate "2019.07.13"]
[EventType "tourn"]
[EventRounds "7"]
[EventCountry "SUI"]
[SourceTitle "EXT 2020"]
[Source "ChessBase"]
[SourceDate "2019.10.17"]
[SourceVersion "1"]
[SourceVersionDate "2019.10.17"]
[SourceQuality "1"]

1. c4 Nc6 2. Nc3 e5 3. g3 Bb4 4. e3 Nf6 5. Bg2 0-0 6. Nge2 a5 7. 0-0 Re8 8. a3 Bf8 9. d3 h6 10. Rb1 d6 11. b4 Ne7 12. b5 d5 13. cxd5 Nexd5 14. Bb2 Rb8 15. Qc2 b6 16. Nxd5 Nxd5 17. e4 Nf6 18. d4 Bd6 19. dxe5 Bxe5 20. Bxe5 Rxe5 21. Qb2 Qe7 22. Nd4 Bb7 23. Rfe1 Nxe4 24. f4 Rc5 25. Rxe4 Bxe4 26. Re1 f5 27. Nxf5 Rxf5 28. Bxe4 Qc5+ 29. Kg2 Rff8 30. Rc1 Qe7 31. Bd5+ Kh8 32. Rc6 Rf6 33. Rc2 Rd8 34. Bf3 Rfd6 35. Re2 Qd7 36. Bc6 Qf5 37. Be4 Qc5 38. Bc6 Qc4 39. f5 Qxe2+ 40. Qxe2 Rd2 41. Kf3 Rxe2 42. Kxe2 Kg8 0-1

[Event "SUI-ch Seniors"]
[Site "Leukerbad"]
[Date "2019.07.14"]
[Round "2"]
[White "Vucenovic, Dragomir"]
[Black "Huss, Andreas"]
[Result "0-1"]
[WhiteElo "2183"]
[BlackElo "2258"]
[PlyCount "126"]
[EventDate "2019.07.13"]
[EventType "tourn"]
[EventRounds "7"]
[EventCountry "SUI"]
[SourceTitle "EXT 2020"]
[Source "ChessBase"]
[SourceDate "2019.10.17"]
[SourceVersion "1"]
[SourceVersionDate "2019.10.17"]
[SourceQuality "1"]

1. c4 e6 2. Nc3 Bb4 3. Qc2 Nf6 4. e3 c5 5. a3 Bxc3 6. Qxc3 0-0 7. Nf3 b6 8. b3 Nc6 9. Bb2 Re8 10. Ne5 Nxe5 11. Qxe5 d6 12. Qg3 e5 13. f3 Nh5 14. Qf2 f5 15. Be2 Bb7 16. 0-0-0 Nf6 17. d4 cxd4 18. exd4 Qe7 19. d5 Kh8 20. Bd3 e4 21. Rhe1 Qf8 22. fxe4 fxe4 23. Bc2 b5 24. Bxf6 Qxf6 25. Qxf6 gxf6 26. Rxe4 Rxe4 27. Bxe4 bxc4 28. bxc4 Rc8 29. Rd4 Ba6 30. Bd3 h6 31. Kd2 Kg7 32. Re4 Kf7 33. Kc3 Re8 34. Rh4 Rh8 35. Kd4 Kg7 36. Rg4+ Kf7 37. Bf5 Bc8 38. Bg6+ Ke7 39. Re4+ Kd8 40. Bf7 Rh7 41. Be6 Ba6 42. Bf5 Rc7 43. Kd3 Rc5 44. Kc3 Bb7 45. Re6 Bc8 46. Rxd6+ Ke7 47. Re6+ Bxe6 48. Bxe6 Kd6 49. Kd4 Ra5 50. Bf5 Ra4 51. h4 Ra5 52. Bc2 Rxa3 53. c5+ Ke7 54. g4 Ra2 55. Bf5 Rd2+ 56. Kc4 a6 57. d6+ Kd8 58. h5 Rd1 59. Kb4 Rc1 60. Bd3 a5+ 61. Kb5 a4 62. c6 a3 63. c7+ Kd7 0-1

[Event "SUI-ch Seniors"]
[Site "Leukerbad"]
[Date "2019.07.13"]
[Round "1"]
[White "Wirz, Heinz"]
[Black "Vucenovic, Dragomir"]
[Result "1-0"]
[WhiteElo "2028"]
[BlackElo "2183"]
[PlyCount "117"]
[EventDate "2019.07.13"]
[EventType "tourn"]
[EventRounds "7"]
[EventCountry "SUI"]
[SourceTitle "EXT 2020"]
[Source "ChessBase"]
[SourceDate "2019.10.17"]
[SourceVersion "1"]
[SourceVersionDate "2019.10.17"]
[SourceQuality "1"]

1. d4 d5 2. Nf3 c6 3. Bf4 Nf6 4. e3 e6 5. Bd3 Bd6 6. Bxd6 Qxd6 7. 0-0 Nbd7 8. c4 0-0 9. Nc3 Qe7 10. e4 dxc4 11. Bxc4 e5 12. Re1 b5 13. Bb3 Bb7 14. Qe2 exd4 15. Nxd4 Ne5 16. Nf5 Qc7 17. Rac1 Qb6 18. h3 Rad8 19. Rcd1 a5 20. Kh1 a4 21. Bc2 Ba6 22. Qe3 Qxe3 23. Nxe3 Bc8 24. Kh2 g5 25. Ne2 Be6 26. Bb1 Rd7 27. Rxd7 Nfxd7 28. Nd4 Nb6 29. Rc1 Rc8 30. Rc5 Nbd7 31. Rc1 Nb6 32. Nxe6 fxe6 33. Rd1 Kf7 34. g3 Ke7 35. f4 gxf4 36. gxf4 Nec4 37. Nxc4 Nxc4 38. b3 axb3 39. axb3 Na3 40. Kg3 Nxb1 41. Rxb1 Rd8 42. b4 Rd4 43. e5 Kf7 44. Rc1 Rxb4 45. Rxc6 Rc4 46. Rb6 b4 47. Kg4 b3 48. Rxb3 Kg6 49. Rb8 h5+ 50. Kg3 Rc3+ 51. Kh4 Rf3 52. Rf8 Kh6 53. Rf6+ Kg7 54. Kxh5 Rxh3+ 55. Kg4 Rh6 56. Rxh6 Kxh6 57. f5 Kg7 58. f6+ Kf7 59. Kf4 1-0

[Event "WchT Seniors 65"]
[Site "Rhodes"]
[Date "2019.04.16"]
[Round "1.1"]
[White "Vucenovic, Dragomir"]
[Black "Balashov, Yuri S"]
[Result "0-1"]
[WhiteElo "2168"]
[BlackElo "2470"]
[PlyCount "118"]
[EventDate "2019.04.16"]
[EventType "team-swiss"]
[EventRounds "9"]
[EventCountry "GRE"]
[SourceTitle "CBM 190 Extra"]
[Source "ChessBase"]
[SourceDate "2019.07.15"]
[SourceVersion "1"]
[SourceVersionDate "2019.07.15"]
[SourceQuality "1"]
[WhiteTeam "Switzerland"]
[BlackTeam "Russia 65+"]
[WhiteTeamCountry "SUI"]
[BlackTeamCountry "RUS"]

1. d4 Nf6 2. Nf3 e6 3. Bg5 h6 4. Bh4 d6 5. Nbd2 Nbd7 6. h3 Be7 7. e3 b6 8. Bd3 Bb7 9. 0-0 0-0 10. Bg3 Re8 11. e4 a6 12. Re1 Nh5 13. Bh2 g6 14. c3 Bf8 15. e5 dxe5 16. Nxe5 Bg7 17. Be4 Bxe4 18. Nxe4 Ndf6 19. Nxf6+ Nxf6 20. Qf3 Qd5 21. a3 Qxf3 22. Nxf3 Rac8 23. Rad1 Nd7 24. Kf1 b5 25. Be5 f6 26. Bf4 Nb6 27. Re2 Bf8 28. Bc1 a5 29. Ne1 Kf7 30. Nd3 Rcd8 31. f4 a4 32. Rde1 Nc4 33. g4 Rd5 34. f5 gxf5 35. Nf4 Rd6 36. gxf5 e5 37. Ne6 exd4 38. cxd4 Rd5 39. Rf2 Bd6 40. Ree2 h5 41. Rf3 Rg8 42. Rg2 c6 43. Rxg8 Kxg8 44. Ke2 h4 45. Rf1 Bg3 46. Rf3 Nd6 47. Rc3 Rxf5 48. Rxc6 Rf2+ 49. Kd3 Rh2 50. Nf4 Bxf4 51. Bxf4 Rxh3+ 52. Kc2 Nf5 53. Rc8+ Kg7 54. d5 Rf3 55. Bb8 h3 56. d6 h2 57. d7 h1Q 58. Rg8+ Kxg8 59. d8Q+ Kh7 0-1

[Event "EU-Cup 34th"]
[Site "Porto Carras"]
[Date "2018.10.17"]
[Round "6.6"]
[White "Gupta, Milon"]
[Black "Vucenovic, Dragomir"]
[Result "1/2-1/2"]
[WhiteElo "2206"]
[BlackElo "2181"]
[PlyCount "61"]
[EventDate "2018.10.12"]
[EventType "team-swiss"]
[EventRounds "7"]
[EventCountry "GRE"]
[SourceTitle "CBM 187"]
[Source "ChessBase"]
[SourceDate "2018.12.11"]
[SourceVersion "1"]
[SourceVersionDate "2018.12.11"]
[SourceQuality "1"]
[WhiteTeam "Solingen SG"]
[BlackTeam "Zuerich SG"]
[WhiteTeamCountry "GER"]
[BlackTeamCountry "SUI"]

1. Nf3 d5 2. g3 c6 3. Bg2 Nf6 4. c4 e6 5. 0-0 Nbd7 6. b3 Bd6 7. Bb2 Qe7 8. d3 0-0 9. Qc2 e5 10. cxd5 cxd5 11. Nc3 a6 12. e3 b5 13. Rad1 Bb7 14. Nh4 g6 15. e4 Rac8 16. Qe2 d4 17. Nb1 Ne8 18. Bh3 Ng7 19. Bc1 Rc7 20. Bh6 Nc5 21. Rc1 Bc8 22. Bxc8 Rfxc8 23. Qg4 Qe6 24. Qe2 Be7 25. Ng2 Qh3 26. Bxg7 Kxg7 27. f4 f6 28. Nd2 Qd7 29. Nf3 Bd6 30. fxe5 Bxe5 31. Nxe5 1/2-1/2

[Event "WchT Seniors 65"]
[Site "Dresden"]
[Date "2018.07.09"]
[Round "3.7"]
[White "Just, Fred"]
[Black "Vucenovic, Dragomir"]
[Result "0-1"]
[WhiteElo "2116"]
[BlackElo "2186"]
[PlyCount "94"]
[EventDate "2018.07.07"]
[EventType "team-swiss"]
[EventRounds "9"]
[EventCountry "GER"]
[SourceTitle "CBM 185 Extra"]
[Source "ChessBase"]
[SourceDate "2018.07.29"]
[SourceVersion "1"]
[SourceVersionDate "2018.07.29"]
[SourceQuality "1"]
[WhiteTeam "Offenbach"]
[BlackTeam "Switzerland"]
[WhiteTeamCountry "GER"]
[BlackTeamCountry "SUI"]

1. d4 d5 2. Nf3 Nf6 3. e3 e6 4. c4 Nbd7 5. Nc3 Be7 6. b3 0-0 7. Bd3 c5 8. 0-0 b6 9. cxd5 exd5 10. Bb2 Bb7 11. Rc1 Rc8 12. Bf5 g6 13. Bh3 Rb8 14. Ne5 Nxe5 15. dxe5 Ne8 16. Ne2 Ng7 17. Qd2 f5 18. exf6 Bxf6 19. Rfd1 Bxb2 20. Qxb2 Qe7 21. Rd2 Rbd8 22. Rcd1 g5 23. Qc3 h5 24. f3 Rde8 25. e4 d4 26. Qc4+ Qf7 27. Qxf7+ Rxf7 28. Ng3 Bc8 29. Bxc8 Rxc8 30. Rc1 Rfc7 31. Ne2 h4 32. f4 gxf4 33. Nxf4 Rf7 34. Ng6 Re8 35. Nxh4 Rxe4 36. Nf3 Ne6 37. h4 Rg7 38. Kf2 Reg4 39. Kf1 Nf4 40. Re1 Nxg2 41. Re8+ Kf7 42. Ne5+ Kxe8 43. Nxg4 Rxg4 44. Rxg2 Rxg2 45. Kxg2 b5 46. Kf3 c4 47. bxc4 bxc4 0-1

[Event "EU-chT Seniors 65"]
[Site "Walbrzych"]
[Date "2018.04.17"]
[Round "4.1"]
[White "Vucenovic, Dragomir"]
[Black "Hedin, Gunnar"]
[Result "1/2-1/2"]
[WhiteElo "2248"]
[BlackElo "2174"]
[PlyCount "104"]
[EventDate "2018.04.14"]
[EventType "team-swiss"]
[EventRounds "9"]
[EventCountry "POL"]
[SourceTitle "CBM 184 Extra"]
[Source "ChessBase"]
[SourceDate "2018.06.28"]
[SourceVersion "1"]
[SourceVersionDate "2018.06.28"]
[SourceQuality "1"]
[WhiteTeam "Switzerland 65"]
[BlackTeam "Sweden 65"]
[WhiteTeamCountry "SUI"]
[BlackTeamCountry "SWE"]

1. d4 f5 2. Nf3 Nf6 3. g3 g6 4. Bg2 Bg7 5. 0-0 0-0 6. c4 d6 7. Nc3 c6 8. Qb3 Qb6 9. Qc2 Qc7 10. Bf4 Nh5 11. Rad1 Nxf4 12. gxf4 Nd7 13. d5 Nf6 14. Nd4 Bd7 15. e3 Rae8 16. Rd2 e6 17. dxe6 Bxe6 18. Nxe6 Rxe6 19. Rfd1 Rfe8 20. a3 a6 21. b4 Qe7 22. Re1 Kh8 23. b5 axb5 24. cxb5 d5 25. bxc6 bxc6 26. Rd3 Ra8 27. Ne2 Ne4 28. Bxe4 fxe4 29. Rb3 c5 30. Reb1 Rc6 31. Rb8+ Rc8 32. R1b7 Qe6 33. Rxa8 Rxa8 34. Qxc5 Qg4+ 35. Ng3 Qd1+ 36. Kg2 Qf3+ 37. Kh3 h5 38. Rxg7 Qg4+ 39. Kg2 Kxg7 40. Qxd5 Re8 41. h3 Qe6 42. Qg5 Kf7 43. f5 gxf5 44. Qxh5+ Qg6 45. Qxf5+ Qxf5 46. Nxf5 Kf6 47. Ng3 Ke5 48. h4 Ra8 49. Ne2 Rxa3 50. h5 Ra6 51. Kg3 Rf6 52. Nf4 Kf5 1/2-1/2

[Event "EU-ch Seniors 65 17th"]
[Site "Sabadell"]
[Date "2017.08.20"]
[Round "9"]
[White "Ladisic, Alex Sacha"]
[Black "Vucenovic, Dragomir"]
[Result "0-1"]
[WhiteElo "2037"]
[BlackElo "2235"]
[PlyCount "94"]
[EventDate "2017.08.12"]
[EventType "swiss"]
[EventRounds "9"]
[EventCountry "ESP"]
[SourceTitle "CBM 180 Extra"]
[Source "ChessBase"]
[SourceDate "2017.10.06"]
[SourceVersion "1"]
[SourceVersionDate "2017.10.06"]
[SourceQuality "1"]

1. e4 e5 2. Nf3 Nc6 3. Bb5 a6 4. Ba4 d6 5. c3 Bd7 6. d4 Nge7 7. Bb3 h6 8. Nbd2 g6 9. Nc4 b5 10. Ne3 Bg7 11. a4 exd4 12. cxd4 Na5 13. Bc2 0-0 14. 0-0 bxa4 15. Bxa4 Bb5 16. Re1 Qb8 17. Bd2 Nc4 18. Nxc4 Bxc4 19. Bc3 Bb5 20. d5 Qb7 21. h3 Rfb8 22. Ra3 Bxa4 23. Qxa4 Qb5 24. Rea1 Qxa4 25. Rxa4 Bxc3 26. bxc3 f5 27. exf5 Nxd5 28. fxg6 Nxc3 29. Rc4 Nb5 30. Nh4 d5 31. Rc5 d4 32. f4 Rb6 33. f5 Rd8 34. Kf2 d3 35. Rd1 Nd6 36. Kf3 Ne8 37. Rd2 Rbd6 38. g4 c6 39. Ng2 Nf6 40. Nf4 Rd4 41. Ne6 Ne4 42. Rd1 Nxc5 43. Nxc5 R4d5 44. Ne6 R8d6 45. Nf4 Rd4 46. Ke3 c5 47. Nh5 d2 0-1

[Event "EU-chT Seniors 65"]
[Site "Novi Sad"]
[Date "2017.06.27"]
[Round "3.1"]
[White "Vucenovic, Dragomir"]
[Black "Rooze, Jan"]
[Result "0-1"]
[WhiteElo "2254"]
[BlackElo "2301"]
[PlyCount "78"]
[EventDate "2017.06.25"]
[EventType "team-tourn"]
[EventRounds "9"]
[EventCountry "SRB"]
[SourceTitle "CBM 179 Extra"]
[Source "ChessBase"]
[SourceDate "2017.08.23"]
[SourceVersion "1"]
[SourceVersionDate "2017.08.23"]
[SourceQuality "1"]
[WhiteTeam "Switzerland 65"]
[BlackTeam "Belgium 65"]
[WhiteTeamCountry "SUI"]
[BlackTeamCountry "BEL"]

1. Nf3 c5 2. g3 b6 3. Bg2 Bb7 4. 0-0 Nf6 5. c4 g6 6. Nc3 Bg7 7. d3 0-0 8. e4 d6 9. Rb1 Nc6 10. a3 Nd7 11. Be3 a6 12. h3 Nde5 13. Nh2 Nd4 14. Bxd4 cxd4 15. Ne2 b5 16. cxb5 Qb6 17. f4 Nd7 18. b4 axb5 19. Qb3 Ra6 20. Ra1 Qa7 21. Rfc1 Rc6 22. Rxc6 Bxc6 23. Rc1 Ba8 24. Nf1 e5 25. Nd2 Nb6 26. fxe5 dxe5 27. Rc5 Qd7 28. Qc2 Rc8 29. Nb3 Bf8 30. Rxc8 Nxc8 31. Kh2 Nb6 32. h4 Qc6 33. Qxc6 Bxc6 34. Bh3 Na4 35. Bg4 h5 36. Bf3 Bd7 37. Kg2 Be6 38. Nbc1 Bh6 39. Kf1 Bd2 0-1